Alevi-Bektaşi örgütlenmeleri (Record no. 302)

MARC details
000 -BAŞLIK
Sabit Uzunlukta Kontrol Alanı 00657na a2200241 4500
001 - KONTROL NUMARASI
Denetim Alanı 12825
003 - KONTROL NUMARASI IDENTIFIER
Denetim Alanı MIRAKIL
005 - SON İŞLEM TARİHİ VE ZAMANI
Denetim Alanı 20181213154743.0
008 - SABİT-BOY VERİ ELEMANLARI - GENEL BİLGİLER
Sabit Uzunlukta Kontrol Alanı 160831b tu 000 0
035 ## - SİSTEM KONTROL NUMARASI
Sistem Kontrol Numarası 12825
040 ## - KATALOGLAMA KAYNAK
Orijinal Kataloglama Ajansı Milas
Kataloglama Dili tur
Metne Dönüştürmek Ajansı TR-AnCHP
082 ## - DEWEY ONLU SINIFLANDIRMA NUMARASI
Sınıflandırma Numarası 297.8
Ürün Numarası G74a 2007
090 ## - SINIFLAMA NUMARASI
Sınıflama Numarası 297.8 G74a 2007
100 ## - ANA GİRİŞ - KİŞİSEL İSİM
Kişisel Ad Gölbaşı, Haydar
245 ## - BAŞLIK TABLOSU
Başlık Alevi-Bektaşi örgütlenmeleri
Başlığın Kalan Sosyolojik bir inceleme
Sorumluluk Tablosu, Vb Haydar Gölbaşı
246 ## - UNVAN FORM VARYING
Başlık Doğru / Kısa Başlığı Sosyolojik bir inceleme
260 ## - YAYIN, DAĞITIM, VB
Yayın, Dağıtım, Vb Yeri İstanbul
Yayıncı, Dağıtıcı, Vs Adı Alev Yayınları
Yayın, Dağıtım, Vb Tarihi 2007
300 ## - FİZİKSEL TANIM
Kapsam 149 s.
Diğer Fiziksel Ayrıntıları tbl.
Boyutlar 23 sm
504 ## - KAYNAKÇA VB NOT
Kaynakça Vb Notu Kaynakça var.
650 ## - KONU KATMA GİRİŞ - TOPİKAL DÖNEM
Topikal Süreli Veya Coğrafi Ad Giriş Elemanı Bektaşilik
650 ## - KONU KATMA GİRİŞ - TOPİKAL DÖNEM
Topikal Süreli Veya Coğrafi Ad Giriş Elemanı Alevilik
942 ## - EKLENDİ GİRİŞ ELEMANLARI (KOHA)
Sınıflandırma Veya Raf Düzeni Kaynak Dewey Decimal Classification
Koha Öğesi Türü Books
999 ## - SİSTEM KONTROL NUMARALARI (KOHA)
Koha Biblionumber 302
Koha Biblioitemnumber 302
Holdings
Kalıcı Konum Mevcut Konum Edinme Tarihi Edinim Kaynak Toplam Check-Out'Lar Tam Çağrı Numarası Barkod Tarih Son Görülme İtibaren Geçerli Fiyatlar Koha Öğesi Türü
CHP Kütüphanesi CHP Kütüphanesi 08/02/2016 Bağış   297.8 G74a 2007 000344 08/02/2016 08/02/2016 Books